000 01527nam a22004337a 4500
001 000094629
003 CHAP
005 20220329143036.0
008 051010d2005 mx r 00110 spa d
010 _a91095
011 _a92067
035 _a102630
040 _cCHAP
090 _aTesis
100 0 0 _aCruz Salas, Carla Norma.
_929579
245 1 0 _aSincronización de estros en vacas holstein con problemas reproductivos /
_c/por Carla Norma Cruz Salas.
260 _aChapingo, Méx. :
_bEl autor,
_c2005.
300 _a40 h. :
_bgráfs.
502 _aTesis (Ing. Agr. Esp. en Zootecnia) -- UACH. Departamento de Zootecnia
590 _aALEPH
_b10
_c20130110
_lUCH01
_h1506
590 _aBATCH-UPD
_b10
_c20130110
_lUCH01
_h0743
590 _aBATCH-UPD
_b10
_c20130410
_lUCH01
_h0424
590 _aBATCH-UPD
_b10
_c20130914
_lUCH01
_h1106
590 _aBATCH-UPD
_b10
_c20140324
_lUCH01
_h1451
590 _aBATCH-UPD
_b10
_c20141002
_lUCH01
_h0827
590 _aCONVERSION
_b10
_c20130109
_lUCH01
_h1350
590 _aE12093SGE
_b10
_c20130618
_lUCH01
_h0908
650 1 4 _aGanado Holstein.
_945133
650 1 4 _aGanado vacuno
_xReproducción.
_945510
650 1 4 _aProgesterona.
_992245
650 1 4 _aSincronización del celo.
_9106556
856 _3Finding aid
_uhttp://10.13.5.2/tesis/102630.pdf
_zTeclea aquí
901 _aBK
905 _aElisama A. H.
942 _cCD
942 _n0
949 _aTesis
_bBC
_cTES
_d102630
_eTS1
_h43888
_i102630
_sb
949 _aTesis
_bBC
_cTES
_d33724000962395
_eTS2
_fc.2
_h43889
_i102630
_sb
999 _c91095
_d91095